La solución de conflictos en la escuela: una guía práctica para maestros

Збережено в:
Бібліографічні деталі
Автор: Salm, Randall (Автор)
Формат: Книга
Мова:Іспанська
Опубліковано: Bogotá Magisterio 1999
Редагування:1a. ed
Серія:Colección Aula Abierta
Предмети:
Теги: Додати тег
Немає тегів, Будьте першим, хто поставить тег для цього запису!

MARC

LEADER 00000nam a2200000 a 4500
001 UCK6991
003 CL-VaPUC
008 051028e19990000CK |||||||||||||||||spa|d
020 |a 9582004568 
082 0 4 |a 370.153  |b SAL  |2 21 
100 0 |a Salm, Randall  |e author  |9 496459 
245 1 3 |a La solución de conflictos en la escuela: una guía práctica para maestros 
250 |a 1a. ed 
300 |a 169 p 
942 |c BK 
945 |d 20051028 00:00:00  |a cmena 
260 |a Bogotá  |b Magisterio  |c 1999 
650 7 |a CONCILIACION  |2 CL-VaPUC  |9 341638 
650 0 |a Mediación  |9 338396 
650 0 |a Resolución de conflictos  |9 434922 
650 7 |a PSICOSOCIOLOGIA EDUCACIONAL  |2 CL-VaPUC  |9 338387 
650 0 |a Comunicación interpersonal   |9 307498 
583 |a last modification  |c 20051028 00:00:00  |k Rodrigo Vera 
490 0 |a Colección Aula Abierta 
999 |c 315085  |d 315083 
952 |0 0  |1 0  |4 0  |6 370_153000000000000_SAL_1999  |7 0  |8 A  |9 387999  |a BIBDER  |b BIBDER  |d 2019-11-22  |i 4176456  |o 370.153 SAL 1999  |p 4176456  |r 2023-01-25  |w 2019-11-22  |y BK  |k DER